000 00456cam a22001934a 4500
005 20250605164301.0
008 250528s ||||||||||||||||||||||||d
035 _a22084
020 _a9781412929950
040 _aGR-AtMCL
_bgre
_dGR-AtMCL
_eAACR2
245 1 _aLEARNING IN THE EARLY YEARS
250 _a2
260 _bSage Publications,
_c2011
300 _a256
700 1 _aRiley Jeni
_97960
942 _cBK
999 _c7140
_d7140